Traccia la costa dell'Afro-Eurasia con mappa - Statistics

Statistiche generali
  • Questo quiz è stato fatto 398 volte
  • Il punteggio medio è 37 su 105
Risposte nella Mappa
Le risposte nella mappa del quiz sottostante sono codificate secondo una scala di colori dal rosso al verde in base alla % di persone che hanno risposto correttamente.
 
Statistiche sulle risposte
Countries % Corretto
Russia (Artico Asiatico)
100%
Corea del Nord (Sea of Japan)
71%
Corea del Sud
71%
Cina
54%
Vietnam
54%
Cambogia
53%
Corea del Nord (Mar Giallo)
53%
Bangladesh
49%
India
49%
Iran
49%
Pakistan
49%
Thailandia (Golfo della Thailandia)
49%
Iraq
48%
Myanmar
48%
Malesia
47%
Arabia Saudita (Golfo Persico settentrionale)
46%
Thailandia (Mare delle Andamane)
45%
Arabia Saudita (Golfo persico meridionale)
44%
Emirati Arabi Uniti (Golfo Persico)
44%
Kuwait
44%
Oman (Stretto di Hormuz)
44%
Qatar
44%
Arabia Saudita (Mar Rosso)
42%
Egitto (Mar Rosso)
42%
Yemen
42%
Eritrea
41%
Giordania
41%
Oman (Mar Arabico)
41%
Emirati Arabi Uniti (Mar Arabico)
40%
Gibuti
40%
Israele (Golfo di Aqaba)
40%
Kenya
40%
Somalia
40%
Sudan
40%
Mozambico
39%
Tanzania
39%
Angola
38%
Namibia
38%
Repubblica Democratica del Congo
38%
Sud Africa
38%
Benin
35%
Camerun
35%
Guinea Equatoriale
35%
Nigeria
35%
Togo
35%
Gabon
34%
Ghana
34%
Costa d'Avorio
33%
Repubblica del Congo
33%
Liberia
32%
Angola (Cabinda)
31%
Guinea
31%
Sierra Leone
31%
Algeria
29%
Egitto (Mar Mediterraneo)
29%
Gambia
29%
Guinea-Bissau
29%
Israele (Mar Mediterraneo)
29%
Libia
29%
Marocco
29%
Mauritania
29%
Senegal (Nord)
29%
Senegal (Sud)
29%
Tunisia
29%
Turchia (Mar Mediterraneo)
29%
Albania
28%
Bosnia ed Herzegovina
28%
Croazia (Sud)
28%
Georgia
28%
Libano
28%
Montenegro
28%
Siria
28%
Turchia (Parte europea)
28%
Belgio
27%
Bulgaria
27%
Croazia (Nord)
27%
Francia (Golfo di Biscaglia)
27%
Francia (Mentone)
27%
Grecia
27%
Italia
27%
Romania
27%
Russia (Mar Nero)
27%
Slovenia
27%
Ucraina (Mar d'Azov)
27%
Danimarca
26%
Francia (Mar Mediterraneo)
26%
Germania (Mar Baltico)
26%
Germania (Mar del Nord)
26%
Paesi Bassi
26%
Portogallo
26%
Principato di Monaco
26%
Russia (Crimea)
26%
Spagna (Golfo di Biscaglia)
26%
Spagna (Mar Mediterraneo)
26%
Ucraina (Mar Nero)
26%
Polonia
25%
Russia (Artico Europeo)
25%
Svezia
25%
Estonia
24%
Finlandia
24%
Lettonia
24%
Lituania
24%
Norvegia
24%
Russia (Kaliningrad)
24%
Russia (San Pietroburgo)
24%
Nessun quiz corrispondente trovato
Distribuzione punteggi
Percentuale di utenti per punteggio
Percentile per numero di risposta
I tuoi punteggi nel tempo
Non hai fatto questo quiz